[Event "ODJM C 2019"]
[Site "Willingen GER"]
[Date "2019.06.14"]
[Round "8"]
[White "Grunert, Greta"]
[Black "Prinzen, Per Henrik"]
[Result "0-1"]
[Termination "normal"]
[Board "30"]
[WhiteElo "861"]
[BlackElo "833"]
[PlyCount "117"]
[WhiteFideId "16258649"]
[BlackFideId "16287592"]
[EventCountry "GER"]
[EventRounds "9"]
[EventType "swiss"]
[EventDate "2019.06.08"]

1. e4 e5 2. Bc4 Nf6 3. d3 h6 4. Nc3 Bc5 5. h3 b6 6. Nge2 Bb7 7. O-O O-O 8. Ng3
Nc6 9. Nh5 Qe7 10. Ng3 Rad8 11. Nf5 Qe8 12. Qf3 Ne7 13. Nxe7+ Qxe7 14. Qg3 Kh7
15. Be3 Bxe3 16. fxe3 Nh5 17. Qg4 g6 18. Rf2 f5 19. exf5 Qg7 20. fxg6+ Qxg6 21.
Raf1 Rxf2 22. Rxf2 Qxg4 23. hxg4 Ng3 24. Rf7+ Kh8 25. d4 exd4 26. exd4 d5 27.
Bd3 Rb8 28. Rh7+ Kg8 29. Bg6 Rf8 30. Nb5 Ne2+ 31. Kh2 Nf4 32. Bf5 a6 33. Nxc7
Rf7 34. Rxf7 Kxf7 35. g3 Ne2 36. Bd3 Nxd4 37. Bxa6 Bxa6 38. Nxa6 Nxc2 39. a4 d4
40. Kg2 Ke6 41. Kf2 Ke5 42. Ke2 Ke4 43. Kd1 Kd3 44. Nb8 Ne3+ 45. Kc1 Ke2 46.
Nd7 d3 47. Nxb6 d2+ 48. Kb1 d1=Q+ 49. Ka2 Qd6 50. a5 Qxg3 51. a6 Qb8 52. Nd7
Qa7 53. b4 Qxd7 54. Ka3 Qb5 55. a7 Qa6+ 56. Kb3 Qxa7 57. b5 Nxg4 58. Kb4 h5 59.
Kc4 0-1